000 00272nam a2200133Ia 4500
100 _aPhilippakis// Kazmier
942 _cBK
654 _acobol
245 _aAdvanced Cobol
260 _bMcGraw Hill
_aNew York
_c1987
300 _a714
546 _aENGLISH
999 _c25245
_d25245